000 00675cam a22002172 4500
001 0000002337
005 20151217151851.0
008 070410s xx 000 0 eng d
020 _a076454541307 :
_cKES 2,700
040 _aKABU
_cKABU
050 0 _aHF5548.4
_b.M525K56 2003
100 1 _aKinkoph, Sherry Willard.
_@0000151671
245 1 0 _aMicrosoft office 2003. top 100 simplified tips and tricks.
260 _aHoboken, NJ. :
_bWiley,
_c2003.
300 _a240 p.
650 0 _aMicrosoft Office.
_@0000148318
650 0 _aBusiness
_xComputer program.
_@0000151672
908 _a070410
950 _@1
999 _c5800
_d5800